| 000 | 00375nam a2200145Ia 4500 | ||
|---|---|---|---|
| 008 | 210716s1992 xx 000 0 und d | ||
| 041 | _aeng | ||
| 082 | _a004.35 CARA | ||
| 100 | _aCarling, Alison. | ||
| 245 | _aParallel processing occam and the transputer. | ||
| 250 | _a1 | ||
| 260 |
_aNew Delhi _bGalgotia Publications Pvt Ltd _c1992 |
||
| 300 | _a156 | ||
| 650 | _aNone | ||
| 999 |
_c182403 _d182403 |
||